000
00296nam a2200109Ia 4500
001
1276018
005
20260417160439.0
008
260417s9999 xx 000 0 und d
020
_a
9786256126336
245
0
_a
Evimizdeki Muhteşem Fizik
_c
The Amazing Theatre of Physics
260
_b
Ketebe Çocuk
999
_c
1276018
_d
1276018